000
00213nam a22000857a 4500
008
170302b xxu||||| |||| 00| 0 eng d
100
_9
2997
_a
Twain.M
245
_a
The Adventues f H.F
260
_a
New Delhi
_b
S.Chand
_c
2009
999
_c
6240
_d
6240